zpět

Detail výsledku týmu

Na Pražci, Blansko

Datum a čas kvízu

21.5 Celkem bodů Celkový počet nahraných bodů na tomto kvízu bez doplňovacích otázek.
19. Pořadí na kvízu Konečné umístění týmu na tomto kvízu.

Zaznamenané odpovědi

# Otázka Odpověď Body Výsledky
1. Jedna oblíbená česká služba do... Dáme jídlo 1
2. Fotografie státní tajemnice pr... Francie 0
3. Jeden český umělec se v ponděl... Michal Hrůza 0
4. Podle žebříčku zveřejněného v... Bernard Arnault 0
5. Český sport slaví diplomatický... Petr Fousek 0
6. Podstatou biotechnologií je vy... štětičkovec 0
7. Kontroverzní americká společno... Roundup 0
8. „Miliardy spojenců L. casei im... lactobacillus 0
9. Využití mikroorganismů k získá... kombucha 0
10. Biotechnologické téma zakončím... C 0